Flags of Spanish History - Statistics

General Stats
  • This quiz has been taken 14 times
  • The average score is 6 of 8
Answer Stats
Picture Answer % Correct
Kingdom of Spain
100%
Francoist Spain
90%
Second Republic
90%
Spanish Empire
90%
Las Españas
70%
Iberian Union
60%
Cordoba
50%
First Republic
50%
No matching quizzes found
Score Distribution
Percent of People with Each Score
Percentile by Number Answered
Your Score History
You have not taken this quiz